Detalles MARC
| 000 -CABECERA |
| campo de control de longitud fija |
02643nam a2200325 a 4500 |
| 003 - IDENTIFICADOR DEL NÚMERO DE CONTROL |
| campo de control |
OSt |
| 005 - FECHA Y HORA DE LA ÚLTIMA TRANSACCIÓN |
| campo de control |
20210601152858.0 |
| 008 - DATOS DE LONGITUD FIJA--INFORMACIÓN GENERAL |
| campo de control de longitud fija |
190513s2017 dr spa d |
| 020 ## - NÚMERO INTERNACIONAL ESTÁNDAR DEL LIBRO |
| Número Internacional Estándar del Libro |
9789945581850 |
| 040 ## - FUENTE DE LA CATALOGACIÓN |
| Centro catalogador/agencia de origen |
DO-SdBNP |
| Lengua de catalogación |
spa |
| Centro/agencia transcriptor |
BNPHU |
| 082 #4 - NÚMERO DE LA CLASIFICACIÓN DECIMAL DEWEY |
| Número de edición |
22 |
| Número de clasificación |
860.9 |
| Número de documento/Ítem |
V162q |
| 100 ## - ENTRADA PRINCIPAL--NOMBRE DE PERSONA |
| Nombre de persona |
Varela, Tanya V. |
| 9 (RLIN) |
76409 |
| Fechas asociadas al nombre |
1973- |
| 245 #3 - MENCIÓN DE TÍTULO |
| Título |
El quiebre de los Dogmas : |
| Resto del título |
debate feminista, transgresión y duelo en textos de Gioconda Belli, Diamela Eltit y Cristina Peri Rossi / |
| Mención de responsabilidad, etc. |
Tanya V. Valera. |
| 246 13 - FORMA VARIANTE DE TÍTULO |
| Título propio/Titulo breve |
El quiebre de los Dogmas |
| 260 ## - PUBLICACIÓN, DISTRIBUCIÓN, ETC. |
| Lugar de publicación, distribución, etc. |
San Juan, Puerto Rico: |
| Nombre del editor, distribuidor, etc. |
Isla Negra, |
| Fecha de publicación, distribución, etc. |
2017. |
| 300 ## - DESCRIPCIÓN FÍSICA |
| Extensión |
242 p. ; |
| Dimensiones |
23 cm. |
| 490 1# - MENCIÓN DE SERIE |
| Mención de serie |
Visiones y cegueras |
| 500 ## - NOTA GENERAL |
| Nota general |
Incluye datos biográficos del la autora en la solapa de la cubierta |
| 500 ## - NOTA GENERAL |
| Nota general |
Bibliografía : p. 234-242<br/> |
| 505 ## - NOTA DE CONTENIDO CON FORMATO |
| Nota de contenido con formato |
Del Debate feminista de los ochenta al posfeminismo del nuevo milenio en Latinoamérica -- La mujer habitada -- Por la patria -- La nave de los locos -- Las ochentistas frente al nuevo milenio: rutas divergentes hacia el posfeminismo -- El duelo ante las trizas. |
| 520 ## - SUMARIO, ETC. |
| Sumario, etc. |
Este libro examina obras escogidas de estas renombradas escritoras con el objetivo de identificar los diferentes niveles de resistencia que emergen de sus textos frente a los discursos autoritarios y dogmáticos que prevalecen en Latinoamérica durante la década del ochenta, incluyendo el discurso feminista. A través de un análisis comparativo, se discute en qué medida estas novelistas problematizan tanto el dogmatismo ideológico como los residuos esencialistas que exhibe el feminismo latinoamericano de la década del ochenta, y proponen posibilidades alternativas de representación de género mediante búsqueda estéticas innovadoras. Las ensayistas argumentan que mediante el "quiebre" ideológico y estético, estas autoras intentan, con mayor o menor éxito, subvertir y desmantelar tajantemente nociones tales como "patriarcado", "femineidad", "maternidad" y "familia", liberando a sus respectivos textos e pesadas cargas categoriales y manteniendo la ambigüedad necesaria para que estos conceptos políticamente irresueltos continúen produciéndose y modificándose en constante fluidez. |
| 590 ## - NOTA LOCAL (RLIN) |
| Nota local |
Inventariado, 2020/VM |
| 600 14 - PUNTO DE ACCESO ADICIONAL DE MATERIA--NOMBRE DE PERSONA |
| Nombre de persona |
Belli, Gioconda |
| Fechas asociadas al nombre |
1948- |
| Subdivisión general |
La crítica y la interpretación. |
| 9 (RLIN) |
77529 |
| 600 14 - PUNTO DE ACCESO ADICIONAL DE MATERIA--NOMBRE DE PERSONA |
| Nombre de persona |
Eltit, Diamela, |
| Fechas asociadas al nombre |
1949- |
| Subdivisión general |
La crítica y la interpretación. |
| 9 (RLIN) |
77530 |
| 600 14 - PUNTO DE ACCESO ADICIONAL DE MATERIA--NOMBRE DE PERSONA |
| Nombre de persona |
Peri Rossi, Cristina, |
| Fechas asociadas al nombre |
1941- |
| Subdivisión general |
La crítica y la interpretación. |
| 9 (RLIN) |
77531 |
| 650 ## - PUNTO DE ACCESO ADICIONAL DE MATERIA--TÉRMINO DE MATERIA |
| Término de materia o nombre geográfico como elemento de entrada |
Literatura hispanoamericana |
| Subdivisión general |
mujeres autoras |
| -- |
Historia y crítica. |
| 9 (RLIN) |
77532 |
| 830 ## - PUNTO DE ACCESO ADICIONAL DE SERIE-TÍTULO UNIFORME |
| Título uniforme |
Visiones y cegueras |
| 9 (RLIN) |
1120 |
| 910 ## - DATOS DE OPCIÓN DEL USUARIO (OCLC) |
| Datos de opción del usuario |
VMateo |
| 942 ## - ELEMENTOS DE PUNTO DE ACCESO ADICIONAL (KOHA) |
| Fuente del sistema de clasificación o colocación |
Dewey Decimal Classification |
| Tipo de ítem Koha |
Libro |